[Event "SC-Championship 2019 - Semifinal 9PSRR"]
[Site "SchemingMind.com"]
[Date "2019.01.19"]
[Round "-"]
[White "Ramesh Panwar"]
[Black "Jari Laine"]
[Result "1-0"]
[WhiteCountry "IND"]
[BlackCountry "FIN"]
[WhiteElo "2572"]
[WhiteRD "73"]
[BlackElo "2456"]
[BlackRD "74"]
[GameID "437125"]

1. e4 c6 2. d4 d5 3. Nc3 dxe4 4. Nxe4 Bf5 5. Ng3 Bg6 6. Nf3 Nd7 7. Bd3 e6 8. O-O Ngf6 9. Bxg6 hxg6 10. Bf4 c5
11. dxc5 Bxc5 12. Qe2 O-O 13. Rfd1 Qb6 14. c3 Rfe8 15. Bg5 e5 16. Rd2 e4 17. Nd4 a6 18. Rad1 Rac8 19. h4 Qc7 20. h5 gxh5
21. Nxh5 Qe5 22. Nxf6+ Nxf6 23. Bxf6 Qxf6 24. Nc2 Qh6 25. Ne3 g6 26. Ng4 Qf4 27. Kf1 Bxf2 28. Nxf2 e3 29. Rd3 exf2 30. Qxf2 Qh2
31. Rh3 Qe5 32. Kg1 Rc4 33. Rf1 Re7 34. Qd2 b5 35. Qh6 Qg7 36. Qd2 Qf8 37. Qd6 Rcc7 38. Qd4
1-0

[Event "SC-Championship 2019 - Semifinal 9PSRR"]
[Site "SchemingMind.com"]
[Date "2019.01.19"]
[Round "-"]
[White "Professor"]
[Black "Jari Laine"]
[Result "1-0"]
[WhiteCountry "USA"]
[BlackCountry "FIN"]
[WhiteElo "2550"]
[WhiteRD "85"]
[BlackElo "2449"]
[BlackRD "78"]
[GameID "437126"]

1. e4 c6 2. d4 d5 3. e5 Bf5 4. Nf3 e6 5. Be2 Ne7 6. O-O c5 7. c4 Nbc6 8. dxc5 dxc4 9. Bxc4 Qxd1 10. Rxd1 Rd8
11. Rxd8+ Kxd8 12. Be3 Ng6 13. Nc3 Ngxe5 14. Nxe5 Nxe5 15. Rd1+ Kc8 16. Be2 Nc6 17. Nb5 a6 18. Nd6+ Bxd6 19. Rxd6 Rd8 20. Rxd8+ Kxd8
21. a3 Be4 22. g3 e5 23. Bc4 Ke7 24. b4
1-0

[Event "SC-Championship 2019 - Semifinal 9PSRR"]
[Site "SchemingMind.com"]
[Date "2019.01.16"]
[Round "-"]
[White "Ramesh Panwar"]
[Black "Professor"]
[Result "1-0"]
[WhiteCountry "IND"]
[BlackCountry "USA"]
[WhiteElo "2600"]
[WhiteRD "72"]
[BlackElo "2550"]
[BlackRD "85"]
[GameID "437127"]

1. e4 e5 2. Nf3 Nc6 3. Bb5 a6 4. Ba4 d6 5. c3 Bd7 6. d4 Nf6 7. Nbd2 g6 8. h3 b5 9. Bc2 Bg7 10. O-O O-O
11. Re1 Re8 12. Nf1 Nh5 13. Bg5 Qc8 14. Qd2 Na5 15. b3 Nc6 16. Rac1 a5 17. Bd3 a4 18. b4 Nd8 19. Bh6 Bxh6 20. Qxh6 f6
21. Qd2 Nf4 22. Ne3 Nxd3 23. Qxd3 Ne6 24. c4 Nf4 25. Qd1 bxc4 26. Rxc4 Re7 27. dxe5 dxe5 28. Nd5 Nxd5 29. exd5 Qb7 30. a3 c6
31. d6 Re6 32. Qd3 Qb8 33. Rd1 Qf8 34. b5 cxb5 35. Rc7 Qd8 36. Qd5 Ra6 37. Qc5 e4 38. Ne1 Re5 39. Rd5 Rxd5 40. Qxd5+ Kf8
41. Nc2 e3 42. Nxe3 Qe8 43. Qc5 Qe6 44. Nd5 Qxd6 45. Nxf6 Be8 46. Nxe8 Qxc5 47. Rxc5 Kxe8 48. Rxb5 Ra7 49. h4 Ke7 50. f3 Kf7
51. Rb4 Kf6 52. Kf2 h6 53. Rc4 Ra6 54. Ke3 Ke5 55. Kd3 Kd6 56. Rg4 Kc5 57. Rd4 h5 58. Ke3
1-0

[Event "SC-Championship 2019 - Semifinal 9PSRR"]
[Site "SchemingMind.com"]
[Date "2019.01.19"]
[Round "-"]
[White "frankly"]
[Black "Jari Laine"]
[Result "1-0"]
[WhiteCountry "ENG"]
[BlackCountry "FIN"]
[WhiteElo "2572"]
[WhiteRD "66"]
[BlackElo "2456"]
[BlackRD "74"]
[GameID "437128"]

1. e4 c6 2. d4 d5 3. e5 Bf5 4. Nf3 e6 5. Be2 Ne7 6. O-O c5 7. c4 Nbc6 8. Nc3 dxc4 9. dxc5 Nd5 10. Nd4 Nxc3
11. bxc3 Bxc5 12. Nxf5 exf5 13. Bf4 O-O 14. Bxc4 Qc7 15. Re1 Ne7 16. Bb3 Ng6 17. Qf3 Nxf4 18. Qxf4 Rad8 19. h4 Kh8 20. g3 f6
21. e6 Qxf4 22. gxf4 Be7 23. h5 Rd2 24. Rab1 g6 25. h6 Kg8 26. a4 Rd6 27. Red1 Rfd8 28. Rxd6 Rxd6 29. a5 Kf8 30. Ba4
1-0

[Event "SC-Championship 2019 - Semifinal 9PSRR"]
[Site "SchemingMind.com"]
[Date "2019.01.16"]
[Round "-"]
[White "frankly"]
[Black "Professor"]
[Result "1-0"]
[WhiteCountry "ENG"]
[BlackCountry "USA"]
[WhiteElo "2545"]
[WhiteRD "65"]
[BlackElo "2550"]
[BlackRD "82"]
[GameID "437129"]

1. d4 Nf6 2. c4 e6 3. Nf3 Bb4+ 4. Nbd2 d6 5. g3 Nc6 6. Bg2 a5 7. O-O e5 8. a3 Bxd2 9. Bxd2 O-O 10. d5 Nb8
11. b4 Ne4 12. Be3 f5 13. Qc2 Nd7 14. Nd2 Nxd2 15. Bxd2 b6 16. e3 e4 17. Bc3 Qe7 18. bxa5 bxa5 19. Rab1 Ne5 20. Bxe5 Qxe5
21. Rfc1 Ba6 22. Qa4 Qe7 23. Bf1 g5 24. Qc6 Ra7 25. Rc2 Qf6 26. Qa4 Raa8 27. Qc6 Ra7 28. Qa4 Raa8 29. Qd7 Bc8 30. Qxc7
1-0

[Event "SC-Championship 2019 - Semifinal 9PSRR"]
[Site "SchemingMind.com"]
[Date "2019.01.16"]
[Round "-"]
[White "Ramesh Panwar"]
[Black "frankly"]
[Result "1/2-1/2"]
[WhiteCountry "IND"]
[BlackCountry "ENG"]
[WhiteElo "2570"]
[WhiteRD "67"]
[BlackElo "2550"]
[BlackRD "63"]
[GameID "437130"]

1. e4 e5 2. Nf3 Nc6 3. Bb5 a6 4. Ba4 b5 5. Bb3 Nf6 6. O-O Bb7 7. Re1 Bc5 8. c3 Bb6 9. d3 h6 10. Nbd2 O-O
11. Nf1 Re8 12. Ng3 d5 13. exd5 Na5 14. Bc2 Qxd5 15. b4 Nc6 16. a4 Rad8 17. Bd2 Qd6 18. Ne4 Nxe4 19. dxe4 Ne7 20. Qe2 Ng6
21. Be3 Qc6 22. a5 Bxe3 23. Qxe3 Bc8 24. Red1 Be6 25. g3 Rd6 26. h4 f6 27. Nd2 Red8 28. Nb3 Bf7 29. Rab1 Nf8 30. Rd2 Rxd2
31. Nxd2 Rd6 32. Nb3 Qd7 33. Nc5 Qc6 34. Rd1 Rxd1+ 35. Bxd1 Ne6 36. Nb3 Nd8 37. Nc5 Ne6 38. Nxe6 Bxe6 39. Bh5 Kh7 40. Be2=
1/2-1/2

[Event "SC-Championship 2019 - Semifinal 9PSRR"]
[Site "SchemingMind.com"]
[Date "2019.01.19"]
[Round "-"]
[White "Jari Laine"]
[Black "The Chess Machine"]
[Result "1/2-1/2"]
[WhiteCountry "FIN"]
[BlackCountry "ENG"]
[WhiteElo "2494"]
[WhiteRD "77"]
[BlackElo "2510"]
[BlackRD "83"]
[GameID "437136"]

1. e4 e6 2. d3 d5 3. Nd2 c5 4. Ngf3 Nc6 5. g3 g6 6. Bg2 Bg7 7. O-O Nge7 8. Re1 O-O 9. e5 f6 10. exf6 Bxf6
11. c3 Qd6 12. Nb3 e5 13. Be3 b6 14. c4 Bf5 15. Nbd2 Kg7 16. cxd5 Nxd5 17. Ne4 Nxe3 18. Rxe3 Bxe4 19. Rxe4 Rad8 20. Qa4 Nb4
21. Ne1 Qc7 22. Rd1 a6 23. a3 b5 24. Qb3 Nc6 25. Nf3 c4 26. dxc4 Na5 27. Qc2 Rxd1+ 28. Qxd1 Nxc4 29. Qc2 Rc8 30. Re1 Nd6=
1/2-1/2

[Event "SC-Championship 2019 - Semifinal 9PSRR"]
[Site "SchemingMind.com"]
[Date "2019.01.17"]
[Round "-"]
[White "Professor"]
[Black "The Chess Machine"]
[Result "1/2-1/2"]
[WhiteCountry "USA"]
[BlackCountry "ENG"]
[WhiteElo "2550"]
[WhiteRD "85"]
[BlackElo "2518"]
[BlackRD "88"]
[GameID "437137"]

1. e4 e6 2. d4 d5 3. Nd2 c5 4. exd5 Qxd5 5. Ngf3 cxd4 6. Bc4 Qd6 7. O-O Nf6 8. Nb3 Nc6 9. Nbxd4 Nxd4 10. Nxd4 a6
11. Re1 Qc7 12. Bb3 Bd6 13. h3 Bh2+ 14. Kh1 Bf4 15. Bxf4 Qxf4 16. c3 Bd7 17. Qe2 O-O 18. Rad1 Rfd8 19. Kg1 Rac8 20. Rd3 h6
21. Red1 Qc7 22. Qe3 Be8 23. Nxe6 fxe6 24. Bxe6+ Bf7 25. Bxc8 Rxc8 26. a3 Re8 27. Qd2 Ne4 28. Qc1 Bg6 29. Re3 Rf8 30. Re2 Qc4
31. Qe3 Bh5 32. f3 Ng5 33. Rd4 Qc6 34. h4 Bxf3 35. hxg5 Bxe2 36. Qxe2 hxg5 37. Qc4+ Qxc4 38. Rxc4 b5 39. Rd4 Kh7 40. a4 Kg6
41. axb5 axb5 42. g3 Rf5 43. Kg2 Kf6 44. Rb4 Ke6 45. Kh3 Kd6 46. Kg4 g6 47. c4 bxc4 48. Rxc4 Rb5 49. b4 Ke6 50. Kf3 Kd5
51. Re4 Rb6 52. Ke3 Rf6 53. Rd4+ Kc6 54. Rg4 Rf5 55. Kd3 Kb5 56. Kc3 Kc6 57. Kc4=
1/2-1/2

[Event "SC-Championship 2019 - Semifinal 9PSRR"]
[Site "SchemingMind.com"]
[Date "2019.01.16"]
[Round "-"]
[White "The Chess Machine"]
[Black "frankly"]
[Result "1/2-1/2"]
[WhiteCountry "ENG"]
[BlackCountry "ENG"]
[WhiteElo "2496"]
[WhiteRD "83"]
[BlackElo "2544"]
[BlackRD "63"]
[GameID "437138"]

1. d4 Nf6 2. c4 e6 3. Nc3 Bb4 4. e3 O-O 5. Bd3 d5 6. cxd5 exd5 7. Ne2 Re8 8. Bd2 Bd6 9. Rc1 a6 10. O-O Nbd7
11. f3 b5 12. e4 b4 13. Nxd5 Nxd5 14. exd5 Nb6 15. Bf4 Nxd5 16. Bxd6 Qxd6 17. Qd2 Bd7 18. Ng3 Bb5 19. Rfe1 Bxd3 20. Qxd3 Qh6
21. Qc2 Rad8 22. Re4 Rxe4 23. fxe4 Qe3+ 24. Kh1 Nf6 25. d5 Re8 26. Qc6 h6 27. Rf1 Kh7 28. Qxc7 Nxe4 29. Nxe4 Qxe4 30. Qxf7 Re5
31. d6=
1/2-1/2

[Event "SC-Championship 2019 - Semifinal 9PSRR"]
[Site "SchemingMind.com"]
[Date "2019.01.15"]
[Round "-"]
[White "The Chess Machine"]
[Black "Ramesh Panwar"]
[Result "1/2-1/2"]
[WhiteCountry "ENG"]
[BlackCountry "IND"]
[WhiteElo "2496"]
[WhiteRD "83"]
[BlackElo "2536"]
[BlackRD "71"]
[GameID "437139"]

1. e4 e5 2. Nf3 Nc6 3. Bb5 a6 4. Ba4 Nf6 5. O-O Be7 6. Re1 b5 7. Bb3 d6 8. c3 O-O 9. h3 h6 10. d4 Re8
11. Nbd2 Bf8 12. Nf1 Bb7 13. Ng3 Na5 14. Bc2 Nc4 15. a4 Nb6 16. b3 bxa4 17. bxa4 a5 18. Bd3 Qc8 19. Ba3 Ba6 20. Bb5 Bxb5
21. axb5 exd4 22. cxd4 Nc4 23. Qc2 Nxa3 24. Rxa3 Qb7 25. d5 g6 26. Rea1 Qxb5 27. Rb1 Qa6 28. Rba1= Qb7 29. Rb3 Qc8 30. Rc3 Bg7
31. Rxc7 Qd8 32. Ra3 h5 33. Qc6 Rb8 34. Rxa5 Rb1+ 35. Nf1 Bh6 36. Ra4 Rc1 37. Rc4 Rxc4 38. Qxc4 Nxe4 39. Qc6 Rf8 40. Rb7 Re8
41. Rc7 Rf8=
1/2-1/2

[Event "SC-Championship 2019 - Semifinal 9PSRR"]
[Site "SchemingMind.com"]
[Date "2019.01.19"]
[Round "-"]
[White "Jari Laine"]
[Black "George Dimitrov"]
[Result "1/2-1/2"]
[WhiteCountry "FIN"]
[BlackCountry "BUL"]
[WhiteElo "2456"]
[WhiteRD "74"]
[BlackElo "2471"]
[BlackRD "91"]
[GameID "437150"]

1. e4 c6 2. d3 d5 3. Nd2 e5 4. Ngf3 Bd6 5. g3 Nf6 6. Bg2 O-O 7. O-O Re8 8. Re1 Nbd7 9. c3 Qc7 10. Qc2 a5
11. a4 b6 12. h3 Ba6 13. d4 exd4 14. cxd4 dxe4 15. Nxe4 Nxe4 16. Rxe4 Rxe4 17. Qxe4 Nf6 18. Qc2 Re8 19. Bd2 c5 20. Be3 h6
21. dxc5 Bxc5 22. Re1 Nd7 23. Qc3 Qc8 24. Bxc5 Nxc5 25. Nd4 Nxa4 26. Rxe8+ Qxe8 27. Qb3 h5 28. Kh2 h4 29. Nc6 hxg3+ 30. fxg3 Bf1
31. Qxa4 Bxg2 32. Kxg2 Qe2+=
1/2-1/2

[Event "SC-Championship 2019 - Semifinal 9PSRR"]
[Site "SchemingMind.com"]
[Date "2019.01.17"]
[Round "-"]
[White "The Chess Machine"]
[Black "George Dimitrov"]
[Result "1-0"]
[WhiteCountry "ENG"]
[BlackCountry "BUL"]
[WhiteElo "2510"]
[WhiteRD "83"]
[BlackElo "2438"]
[BlackRD "96"]
[GameID "437151"]

1. e4 e5 2. Nf3 Nc6 3. Bb5 a6 4. Ba4 Nf6 5. O-O Be7 6. Re1 b5 7. Bb3 d6 8. c3 O-O 9. h3 Na5 10. Bc2 c5
11. d4 Qc7 12. Nbd2 cxd4 13. cxd4 Nc6 14. Nb3 a5 15. Be3 a4 16. Nbd2 Bd7 17. Rc1 Rac8 18. Bb1 Qb8 19. b3 h6 20. d5 Na5
21. bxa4 b4 22. Rc2 Rc3 23. Rb2 g5 24. Qe2 g4 25. Nh4 gxh3 26. Nf5 Bxf5 27. exf5 Kg7 28. Ne4 Nxe4 29. Bxe4 Bg5 30. f6+ Kxf6
31. f4 Bxf4 32. Bxf4 exf4 33. Qh5 Re3 34. Rxe3 fxe3 35. Qxh6+ Ke7 36. Bf5 Rg8 37. Rc2 b3 38. Rc3 Rxg2+ 39. Kh1 Rg3 40. axb3 Qb7
41. Kh2 Rf3 42. Bg4 e2 43. Qh4+ Kf8 44. Bxf3 e1=Q 45. Qxe1 Nxb3 46. Re3 Qc8 47. Qh4
1-0

[Event "SC-Championship 2019 - Semifinal 9PSRR"]
[Site "SchemingMind.com"]
[Date "2019.01.18"]
[Round "-"]
[White "George Dimitrov"]
[Black "Professor"]
[Result "1/2-1/2"]
[WhiteCountry "BUL"]
[BlackCountry "USA"]
[WhiteElo "2476"]
[WhiteRD "81"]
[BlackElo "2551"]
[BlackRD "79"]
[GameID "437152"]

1. e4 e5 2. Nf3 Nc6 3. Bb5 a6 4. Ba4 d6 5. c3 Bd7 6. d4 Nf6 7. O-O g6 8. Re1 b5 9. Bc2 Bg7 10. Nbd2 O-O
11. h3 Re8 12. Nf1 Na5 13. b3 c5 14. d5 Nh5 15. Ng3 Nf4 16. Ne2 Nxe2+ 17. Qxe2 f5 18. Bg5 Bf6 19. Bxf6 Qxf6 20. Nd2 f4
21. Bd3 Nb7 22. Qf1 Rf8 23. Be2 Qd8 24. a4 Qb6 25. Reb1 Rfb8 26. Ra2 b4 27. Nc4 Qc7 28. cxb4 cxb4 29. Rc2 Rc8 30. Rbc1 Qd8
31. Qe1 a5 32. Qd1 Rc5 33. Bg4 Bxg4 34. Qxg4 Rac8 35. h4 Qf6 36. h5 g5 37. Kf1 h6 38. Qh3 R8c7 39. Ke2 Rg7 40. Qg4 Rgc7
41. Ke1=
1/2-1/2

[Event "SC-Championship 2019 - Semifinal 9PSRR"]
[Site "SchemingMind.com"]
[Date "2019.01.18"]
[Round "-"]
[White "George Dimitrov"]
[Black "frankly"]
[Result "1/2-1/2"]
[WhiteCountry "BUL"]
[BlackCountry "ENG"]
[WhiteElo "2438"]
[WhiteRD "96"]
[BlackElo "2545"]
[BlackRD "65"]
[GameID "437153"]

1. e4 c5 2. Nf3 Nc6 3. d4 cxd4 4. Nxd4 e5 5. Nb5 d6 6. N1c3 a6 7. Na3 b5 8. Nd5 Nf6 9. Bg5 Be7 10. Bxf6 Bxf6
11. c3 O-O 12. Nc2 Bg5 13. a4 bxa4 14. Rxa4 a5 15. Bc4 Kh8 16. Nce3 g6 17. h4 Bxh4 18. g3 Bg5 19. f4 exf4 20. gxf4 Bh4+
21. Kf1 f5 22. Bb5 Ne5 23. Qd4 fxe4 24. Ke2 Rb8 25. c4 Bg3 26. Qxe4 Bxf4 27. Nxf4 Qf6 28. Rf1 Bg4+=
1/2-1/2

[Event "SC-Championship 2019 - Semifinal 9PSRR"]
[Site "SchemingMind.com"]
[Date "2019.01.17"]
[Round "-"]
[White "George Dimitrov"]
[Black "Ramesh Panwar"]
[Result "1/2-1/2"]
[WhiteCountry "BUL"]
[BlackCountry "IND"]
[WhiteElo "2438"]
[WhiteRD "96"]
[BlackElo "2563"]
[BlackRD "71"]
[GameID "437154"]

1. e4 e5 2. Nf3 Nc6 3. Bb5 a6 4. Ba4 Nf6 5. O-O Be7 6. Re1 b5 7. Bb3 O-O 8. c3 d6 9. h3 Bb7 10. d4 Re8
11. Nbd2 Bf8 12. a4 exd4 13. cxd4 h6 14. axb5 axb5 15. Rxa8 Bxa8 16. e5 dxe5 17. dxe5 Nd7 18. e6 fxe6 19. Rxe6 Rxe6 20. Bxe6+ Kh8
21. Qf1 Nc5 22. Bf5 Qd5 23. Bg6 Ne5 24. Bb1 Nxf3+ 25. Nxf3 Bc6 26. Be3 Ne6 27. Qc1 Bd6 28. Qc2 Nf8 29. b4 Qc4 30. Qxc4 bxc4
31. Nd4 Bd5 32. Bd2 Be5 33. Ne2 c6 34. Bc3 Bd6 35. Ng3 Ne6 36. Nf5 Bf8 37. Kf1 Nc7 38. Nxh6 Nb5 39. Be5 Bxb4 40. Ng4 Bc3
41. Bf4 Be6 42. Ne3 Bd4=
1/2-1/2

[Event "SC-Championship 2019 - Semifinal 9PSRR"]
[Site "SchemingMind.com"]
[Date "2019.01.19"]
[Round "-"]
[White "Jari Laine"]
[Black "Keithk"]
[Result "0-1"]
[WhiteCountry "FIN"]
[BlackCountry "ENG"]
[WhiteElo "2434"]
[WhiteRD "84"]
[BlackElo "2553"]
[BlackRD "67"]
[GameID "437228"]

1. e4 c5 2. c3 Nf6 3. e5 Nd5 4. d4 cxd4 5. Nf3 Nc6 6. Bc4 Nb6 7. Bb3 d5 8. exd6 Qxd6 9. O-O Be6 10. Bxe6 Qxe6
11. Nxd4 Nxd4 12. Qxd4 Rd8 13. Qh4 Qe2 14. Nd2 e5 15. Ne4 Rd1 16. Ng3 Rxf1+ 17. Nxf1 Be7 18. Qh3 O-O 19. Bd2 Bc5 20. Qg3 f6
21. Re1 Qa6 22. Qf3 Rd8 23. Be3 Bf8 24. Bxb6 Qxb6 25. Qe2 a6 26. a3 Qb5 27. Qxb5 axb5 28. g4 Rd5 29. Re4 Rd1 30. Kg2 Kf7
31. Re2 Rd5 32. Ne3 Rd7 33. Nf1 Rd5 34. Ne3 Rd8 35. Rc2 Rd3 36. Kf1 g6 37. c4 bxc4 38. Rxc4 Bd6 39. Rc8 Rb3 40. Rh8 h5
41. Rh7+ Ke6 42. gxh5 gxh5 43. Nd1 Bc5 44. Rxh5 Bd4 45. Rh7 Bxb2 46. Nxb2 Rxb2 47. Rg7 f5 48. h4 Kf6 49. Rg8 Rb3 50. h5 Rxa3
51. Rg6+ Ke7 52. Rb6 Rh3 53. h6 Kf7 54. Kg2 Rh5 55. Kg3 Rh1
0-1

[Event "SC-Championship 2019 - Semifinal 9PSRR"]
[Site "SchemingMind.com"]
[Date "2019.01.17"]
[Round "-"]
[White "Keithk"]
[Black "Ramesh Panwar"]
[Result "1/2-1/2"]
[WhiteCountry "ENG"]
[BlackCountry "IND"]
[WhiteElo "2556"]
[WhiteRD "64"]
[BlackElo "2600"]
[BlackRD "72"]
[GameID "437229"]

1. d4 Nf6 2. c4 e6 3. Nf3 b6 4. g3 Bb7 5. Bg2 Bb4+ 6. Bd2 Bxd2+ 7. Qxd2 O-O 8. Nc3 d5 9. cxd5 exd5 10. O-O Re8
11. Rac1 Nbd7 12. Rfd1 c6 13. Qc2 Qe7 14. e3 Rac8 15. a3 a5 16. Qb3 Ba6 17. Re1 Qe6 18. Nd2 h6 19. f4 Kf8 20. Rcd1 Ng4
21. Bh3 f5 22. Rc1 Qg6 23. Na4 Rb8 24. Nf3 Bc4 25. Qc3 Bb5 26. b3 Qh5 27. Bxg4 Qxg4 28. Nh4 Re6 29. Qc2 Rf6 30. Nc3 g5
31. Ng2 Ba6 32. Qd2 Rf7 33. Nd1 Rc8 34. Nf2 Qh5 35. Rc3 Nf6 36. Qc2 Bb7 37. b4 axb4 38. axb4 Ra8 39. b5 cxb5 40. Qb1 Ra4
41. Rcc1 Kg8 42. Rc2 Rc4 43. Rb2 Bc6 44. Qxf5 Bd7 45. Qe5 Rc6 46. Ra1 b4 47. Rf1 Kh7 48. fxg5 hxg5 49. h4 gxh4 50. Nd3 Qg4
51. Nxb4 Re6 52. Qf4 Qxf4 53. Rxf4 hxg3 54. Nxd5 Kg7 55. Nxb6 Bc6 56. Nc4 Ra7 57. Rf1 Nh5 58. Nh4 Bd5 59. Ne5 Rea6 60. Rb5 Ra5
61. Rxd5 Rxd5 62. Rf5 Nf6 63. Kg2 Ra1 64. Rf3 Rda5 65. Nf5+ Kf8 66. Nc4 R5a4=
1/2-1/2

[Event "SC-Championship 2019 - Semifinal 9PSRR"]
[Site "SchemingMind.com"]
[Date "2019.01.17"]
[Round "-"]
[White "Keithk"]
[Black "George Dimitrov"]
[Result "1-0"]
[WhiteCountry "ENG"]
[BlackCountry "BUL"]
[WhiteElo "2563"]
[WhiteRD "66"]
[BlackElo "2450"]
[BlackRD "87"]
[GameID "437230"]

1. d4 Nf6 2. c4 g6 3. Nc3 d5 4. cxd5 Nxd5 5. e4 Nxc3 6. bxc3 Bg7 7. Nf3 c5 8. Rb1 O-O 9. Be2 cxd4 10. cxd4 Qa5+
11. Bd2 Qxa2 12. O-O Bg4 13. Bg5 h6 14. Be3 Nc6 15. d5 Na5 16. Bc5 b6 17. Bxe7 Rfe8 18. d6 Nc6 19. Bb5 Nxe7 20. Bxe8 Rxe8
21. dxe7 Qa3 22. h3 Bc8 23. e5 Qxe7 24. Re1 Qb7 25. Rb3 b5= 26. Nd4 b4 27. e6 Kh7 28. Rbe3 Qd5 29. Qa4 Rh8 30. Ne2 Bxe6
31. Nf4 Qc5 32. Nxe6 fxe6 33. Rxe6 Rf8 34. Re7 Qxf2+ 35. Kh1 Qh4 36. R1e4 Qg3 37. Qa1 Qc3 38. Qxa7 Kh8 39. Re3 Qb2 40. Qb6 Rf1+
41. Kh2 Qf2 42. Qd8+ Bf8 43. Rf3 Qg1+ 44. Kg3 Rxf3+ 45. Kxf3 Qf1+ 46. Kg3 Qf5 47. Qd4+ Kg8 48. Rb7 h5 49. Kh2 g5 50. Kg3 Qe6
51. Rb6 h4+ 52. Kh2 Qe7 53. Rb5 Kh7 54. Kh1 Qe1+ 55. Qg1 Qe7 56. Qb1+ Kg7 57. Qf1 Kh6 58. Ra5 b3 59. Rb5 Qd6 60. Rxb3 Be7
61. Rb7 Qe5 62. Rb6+ Kg7 63. Qb1 Bf6 64. Rb7+ Kf8 65. Qb4+ Be7 66. Rb5 Qf6 67. Qb1 Kg7 68. Rb6 Qe5 69. Qg6+ Kf8 70. Rb1 Qf4
71. Ra1 Bd8 72. Qd3 Bf6 73. Rf1 Qe5 74. Qh7 g4 75. hxg4 h3 76. Qh6+ Ke7 77. Qxh3
1-0

[Event "SC-Championship 2019 - Semifinal 9PSRR"]
[Site "SchemingMind.com"]
[Date "2019.01.18"]
[Round "-"]
[White "Keithk"]
[Black "The Chess Machine"]
[Result "1/2-1/2"]
[WhiteCountry "ENG"]
[BlackCountry "ENG"]
[WhiteElo "2549"]
[WhiteRD "65"]
[BlackElo "2510"]
[BlackRD "83"]
[GameID "437231"]

1. d4 d5 2. c4 e6 3. Nf3 Nf6 4. Nc3 Be7 5. Bf4 O-O 6. e3 b6 7. Be2 Bb7 8. O-O Nbd7 9. cxd5 Nxd5 10. Nxd5 exd5
11. Rc1 c5 12. Qa4 a6 13. dxc5 Nxc5 14. Qd1 Ne6 15. Be5 Bf6 16. Bxf6 Qxf6 17. Nd4 Nxd4 18. Qxd4 Qxd4 19. exd4 Rfc8 20. Bg4 Rc4
21. Rfd1 g6 22. b3 Rxc1 23. Rxc1 f5 24. Bf3 Re8 25. h4 Re7=
1/2-1/2

[Event "SC-Championship 2019 - Semifinal 9PSRR"]
[Site "SchemingMind.com"]
[Date "2019.01.18"]
[Round "-"]
[White "Professor"]
[Black "Keithk"]
[Result "1/2-1/2"]
[WhiteCountry "USA"]
[BlackCountry "ENG"]
[WhiteElo "2551"]
[WhiteRD "79"]
[BlackElo "2541"]
[BlackRD "65"]
[GameID "437232"]

1. e4 c5 2. Nc3 d6 3. g3 Nc6 4. Bg2 g6 5. d3 Bg7 6. Be3 Rb8 7. Qd2 b5 8. Nge2 b4 9. Nd1 Nd4 10. O-O e6
11. Nc1 Ne7 12. c3 bxc3 13. bxc3 Ndc6 14. Bh6 O-O 15. Bxg7 Kxg7 16. Ne3 Qb6 17. f4 a5 18. Ne2 Kh8 19. Rac1 Ba6 20. c4 Qc7
21. Qc3+ f6 22. Ng4 Kg7 23. Qd2 a4 24. Nc3 h5 25. Ne3 a3 26. Nb1 Rb2 27. Rc2 Nd4 28. Rxb2 axb2 29. Qxb2 Rb8 30. Qd2 Bc8
31. Nc3 Qa5 32. Kh1 Bd7 33. Rf2 Rb4 34. Qc1 Rb8 35. Kg1 Nec6 36. Bf1 Nb4 37. h3 Nbc6 38. g4 Rh8 39. gxh5 Rxh5 40. Qb2 Kf7
41. Kh2 Rh8 42. Qc1 Kg7 43. Bg2 Nb4 44. Bf1 Qa7 45. a3=
1/2-1/2

[Event "SC-Championship 2019 - Semifinal 9PSRR"]
[Site "SchemingMind.com"]
[Date "2019.01.18"]
[Round "-"]
[White "frankly"]
[Black "Keithk"]
[Result "1/2-1/2"]
[WhiteCountry "ENG"]
[BlackCountry "ENG"]
[WhiteElo "2545"]
[WhiteRD "65"]
[BlackElo "2549"]
[BlackRD "65"]
[GameID "437233"]

1. d4 d5 2. c4 c6 3. Nf3 Nf6 4. Nc3 e6 5. Bg5 h6 6. Bh4 dxc4 7. e4 g5 8. Bg3 b5 9. Be2 Bb7 10. O-O Nbd7
11. Ne5 Bg7 12. Nxd7 Nxd7 13. Bd6 a6 14. a4 b4 15. Bxb4 Qb6 16. Ba3 Qxd4 17. Qc2 c5 18. Rad1 Qe5 19. Bxc4 Qc7 20. Ne2 Be5
21. Kh1 O-O 22. b3 Rfd8 23. Ng3 Nf6 24. Bb2 Nxe4 25. Nxe4 Bxb2 26. Qxb2 Bxe4 27. Qf6 Rxd1 28. Rxd1 Qf4 29. Qxf4 gxf4 30. h3 Rb8
31. a5 Kf8 32. Rd6 Ke7 33. Rxa6=
1/2-1/2

[Event "SC-Championship 2019 - Semifinal 9PSRR"]
[Site "SchemingMind.com"]
[Date "2019.02.02"]
[Round "-"]
[White "davidcook"]
[Black "Jari Laine"]
[Result "1/2-1/2"]
[WhiteCountry "ENG"]
[BlackCountry "FIN"]
[WhiteElo "2326"]
[WhiteRD "70"]
[BlackElo "2456"]
[BlackRD "74"]
[GameID "437776"]

1. e4 e5 2. Nf3 Nc6 3. d4 exd4 4. Bc4 Bc5 5. O-O d6 6. c3 Bg4 7. Qb3 Bxf3 8. Bxf7+ Kf8 9. gxf3 Nf6 10. Bc4 Qd7
11. Be6 Qe7 12. Bh3 Rg8 13. Kh1 g5 14. Rg1 h6 15. cxd4 Nxd4 16. Qd1 Qe5 17. Be3 Rd8 18. Nd2 d5 19. exd5 Nxd5 20. Ne4 Bb6
21. Re1 Kg7 22. Ng3 Kh8 23. Bxd4 Qxd4 24. Re6 Qxd1+ 25. Rxd1 Nf4 26. Rxh6+ Kg7 27. Nf5+ Kf7 28. Rh7+ Kf6 29. Rh6+ Kf7 30. Rh7+ Kf6
31. Rh6+ Kf7 32. Rh7+=
1/2-1/2

[Event "SC-Championship 2019 - Semifinal 9PSRR"]
[Site "SchemingMind.com"]
[Date "2019.01.29"]
[Round "-"]
[White "davidcook"]
[Black "The Chess Machine"]
[Result "1/2-1/2"]
[WhiteCountry "ENG"]
[BlackCountry "ENG"]
[WhiteElo "2374"]
[WhiteRD "65"]
[BlackElo "2492"]
[BlackRD "83"]
[GameID "437777"]

1. e4 e6 2. d4 d5 3. exd5 exd5 4. c4 Nf6 5. Nc3 Be7 6. Nf3 O-O 7. Be3 c6 8. Bd3 dxc4 9. Bxc4 Nbd7 10. O-O Nb6
11. Bb3 Nbd5 12. Ne5 Be6 13. Rc1 Re8 14. Bg5 h6 15. Bh4 Qa5 16. Re1 Rad8 17. Ng6 Nxc3 18. bxc3 Ba3 19. Bxe6 Rxe6 20. Rxe6 fxe6
21. Rb1 Qxc3 22. Bxf6 gxf6 23. Qg4 Qxd4 24. Nf4+ Kh8=
1/2-1/2

[Event "SC-Championship 2019 - Semifinal 9PSRR"]
[Site "SchemingMind.com"]
[Date "2019.01.31"]
[Round "-"]
[White "Professor"]
[Black "davidcook"]
[Result "1-0"]
[WhiteCountry "USA"]
[BlackCountry "ENG"]
[WhiteElo "2550"]
[WhiteRD "82"]
[BlackElo "2343"]
[BlackRD "65"]
[GameID "437778"]

1. e4 e5 2. Nf3 Nc6 3. Bb5 a6 4. Ba4 Nf6 5. d3 Bc5 6. c3 d6 7. O-O b5 8. Bc2 O-O 9. a4 b4 10. d4 exd4
11. cxd4 Bb6 12. h3 Re8 13. Re1 Bb7 14. Be3 Na5 15. Nbd2 h6 16. Bf4 Nd7 17. b3 Rc8 18. Rb1 Nf8 19. Nf1 Ne6 20. Bg3 Qf6
21. d5 Nd4 22. Nxd4 Qxd4 23. Qf3
1-0

[Event "SC-Championship 2019 - Semifinal 9PSRR"]
[Site "SchemingMind.com"]
[Date "2019.01.29"]
[Round "-"]
[White "frankly"]
[Black "davidcook"]
[Result "1/2-1/2"]
[WhiteCountry "ENG"]
[BlackCountry "ENG"]
[WhiteElo "2550"]
[WhiteRD "63"]
[BlackElo "2374"]
[BlackRD "65"]
[GameID "437779"]

1. e4 e5 2. Nf3 Nc6 3. Bb5 a6 4. Ba4 Nf6 5. O-O Be7 6. Re1 b5 7. Bb3 O-O 8. h3 Bb7 9. d3 d5 10. exd5 Nxd5
11. a4 Nd4 12. Nbd2 Nxb3 13. Nxb3 f6 14. Na5 Qc8 15. Nxb7 Qxb7 16. Nh4 Rfe8 17. axb5 axb5 18. Rxa8 Qxa8 19. d4 exd4 20. Qxd4 c6
21. c4 Bd6 22. Rf1 Be5 23. Qc5 bxc4 24. Qxc4 Re6 25. Nf3 Qe8 26. b4=
1/2-1/2